000 00672nam a2200289Ia 4500
005 20260324125028.0
008 008 260324s9999 xx 000 0 eng d
020 _a9781315787596
037 _aEBOOK
040 _aCRL
040 _beng
040 _cCRL
041 _2eng
041 _aeng
084 _qCRL
100 _aAntonino Ferro
_91157087
245 0 _aMind Works
245 0 _bTechnique and Creativity in Psychoanalysis
260 _bTaylor and Francis
260 _c2009
365 _a
365 _b190
856 _uhttp://www.taylorfrancis.com/books/9781315787596
942 _cEBOOK
999 _c1771324
_d1771324